| 000 | 01697nam a22002177a 4500 | ||
|---|---|---|---|
| 003 | NALT | ||
| 005 | 20250331151419.0 | ||
| 008 | 180627b th ||||| |||| 00| 0 tha d | ||
| 040 | _aNALT | ||
| 090 |
_aKE 143.12 _bค123ค 2560 |
||
| 110 | 2 |
_929379 _aสำนักงานคณะกรรมการป้องกันและปราบปรามการทุจริตแห่งชาติ. _bศูนย์วิจัยเพื่อต่อต้านการทุจริต ป๋วย อึ๊งภากรณ์ |
|
| 245 | 1 | 0 |
_aคดีสำคัญที่คณะกรรมการ ป.ป.ช. มีมติชี้มูล (พ.ศ. 2543 - 2557) / _cศูนย์วิจัยเพื่อต่อต้านการทุจริต ป๋วย อึ๊งภากรณ์ สำนักงานคณะกรรมการป้องกันและปราบปรามการทุจริตแห่งชาติ. |
| 260 |
_aกรุงเทพฯ : _bศูนย์วิจัยเพื่อต่อต้านการทุจริต ป๋วย อึ๊งภากรณ์ สำนักงาน ป.ป.ช., _c2560. |
||
| 300 |
_a154 หน้า ; _c26 ซม. |
||
| 650 | 4 |
_929380 _aการทุจริตและประพฤติมิชอบ _xการพิจารณาและตัดสินคดี |
|
| 653 | 4 | _aคดีทุจริต | |
| 850 | _aNALT | ||
| 942 |
_cLB _2local |
||
| 998 |
_abijaya _c101 _bphon _j111 _k นางสาวพจพิณ พรมเอี่ยม |
||
| 999 |
_c94930 _d94930 |
||